000 00639cam a22001934a 4500
005 20250605164349.0
008 250528s ||||||||||||||||||||||||d
035 _a24100
040 _aGR-AtMCL
_bgre
_dGR-AtMCL
_eAACR2
245 1 _aThe Wayward Mind / The Return of the Irrational
260 _c2006
300 _a63
520 _aSocial Support, Attentional Control, Brain Injury, Your Best Interests at Heart?, Double Top, Time to Change, Why I Study... The Effects of Brain Injury.
700 1 _aSutton Jon
_99351
942 _cCR
710 2 _aThe British Psychological Society
_99823
999 _c8999
_d8999